Ecology and Pollution of Indian Rivers (Record no. 515124)

000 -LEADER
fixed length control field 00320nam a22001217a 4500
020 ## - INTERNATIONAL STANDARD BOOK NUMBER
International Standard Book Number 8170242150
082 ## - DEWEY DECIMAL CLASSIFICATION NUMBER
Classification number O91X54
100 ## - MAIN ENTRY--PERSONAL NAME
Personal name Trivey, R.K.
9 (RLIN) 20252
245 ## - TITLE STATEMENT
Title Ecology and Pollution of Indian Rivers
260 ## - PUBLICATION, DISTRIBUTION, ETC. (IMPRINT)
Place of publication, distribution, etc New Delhi
Name of publisher, distributor, etc Ashish Publishing
Date of publication, distribution, etc 1988
300 ## - PHYSICAL DESCRIPTION
Extent xv,447p.
650 ## - SUBJECT ADDED ENTRY--TOPICAL TERM
Topical term or geographic name as entry element Pollution India River
9 (RLIN) 20253

No items available.

Powered by Koha